Database system concepts (Record no. 489)

000 -LEADER
fixed length control field 00571nam a22002297a 4500
001 - CONTROL NUMBER
control field 489
003 - CONTROL NUMBER IDENTIFIER
control field BD-DhUET
008 - FIXED-LENGTH DATA ELEMENTS--GENERAL INFORMATION
fixed length control field 140722b xxu||||| |||| 00| 0 eng d
020 ## - INTERNATIONAL STANDARD BOOK NUMBER
International Standard Book Number 007124476X
040 ## - CATALOGING SOURCE
Transcribing agency 0
Modifying agency BD-DhUET
082 ## - DEWEY DECIMAL CLASSIFICATION NUMBER
Classification number 005.74
Item number SIL/2006
100 ## - MAIN ENTRY--PERSONAL NAME
Personal name Silberschatz, Abraham
245 ## - TITLE STATEMENT
Title Database system concepts
250 ## - EDITION STATEMENT
Edition statement 5th ed.
260 ## - PUBLICATION, DISTRIBUTION, ETC. (IMPRINT)
Place of publication, distribution, etc. Boston
Name of publisher, distributor, etc. McGraw-Hill
Date of publication, distribution, etc. 2006
300 ## - PHYSICAL DESCRIPTION
Extent xxvi,1142p.
Other physical details ill.
504 ## - BIBLIOGRAPHY, ETC. NOTE
Bibliography, etc Includes bibliographies
650 #0 - SUBJECT ADDED ENTRY--TOPICAL TERM
Topical term or geographic name as entry element Database management
700 ## - ADDED ENTRY--PERSONAL NAME
Personal name Korth, Henry F.
700 ## - ADDED ENTRY--PERSONAL NAME
Personal name Sudarshan, S.
942 ## - ADDED ENTRY ELEMENTS (KOHA)
Koha item type General Book
Holdings
Koha renewals Date acquired Koha date last borrowed Koha issues (times borrowed) Shelving location Location (home branch) Copy number Koha date last seen Sublocation or collection (holding branch) Price effective from Piece designation (barcode) Withdrawn status Not for loan Koha full call number Lost status Source of classification or shelving scheme Damaged status Koha normalized classification for sorting Koha item type
 2014-07-22  Circulation sectionCentral Library, BUET12014-07-22Central Library, BUET2014-07-22103320  007.74/SIL/2006   007_000000000000000_74SIL2006General Book
22014-07-22  Circulation sectionCentral Library, BUET22016-12-24Central Library, BUET2014-07-22103321  007.74/SIL/2006   007_000000000000000_74SIL2006General Book
 2014-08-25  Circulation sectionCentral Library, BUET32014-08-25Central Library, BUET2014-08-25103322  005.74 SIL/2006   005_740000000000000_SIL2006General Book
 2014-08-252021-12-041Circulation sectionCentral Library, BUET42021-12-18Central Library, BUET2014-08-25103323  005.74/SIL/2006   005_000000000000000_74SIL2006General Book
 2014-08-25  Circulation sectionCentral Library, BUET52014-08-25Central Library, BUET2014-08-25103324  005.74/SIL/2006   005_000000000000000_74SIL2006General Book
 2014-08-25  Circulation sectionCentral Library, BUET62014-08-25Central Library, BUET2014-08-25103325  005.74/SIL/2006   005_740000000000000_SIL_2006General Book
 2014-08-252017-07-011Circulation sectionCentral Library, BUET72017-07-16Central Library, BUET2014-08-25103326  005.74/SIL/2006   005_740000000000000_SIL_2006General Book
 2014-08-25  Circulation sectionCentral Library, BUET82014-08-25Central Library, BUET2014-08-25103327  005.74/SIL/2006   005_000000000000000_74SIL2006General Book
 2014-08-25  Circulation sectionCentral Library, BUET92014-08-25Central Library, BUET2014-08-25103328  005.74/SIL/2006   005_000000000000000_74SIL2006General Book
 2014-08-25  Circulation sectionCentral Library, BUET102014-08-25Central Library, BUET2014-08-25103329  005.74/SIL/2006   005_000000000000000_74SIL2006General Book
 2015-06-09  Reading sectionCentral Library, BUET112015-06-09Central Library, BUET2015-06-09102172  005.74/SIL/2006   005_740000000000000_SIL_2006Reading Item
 2015-06-09  Reading sectionCentral Library, BUET122015-06-09Central Library, BUET2015-06-09102554  005.74/SIL/2006   005_740000000000000_SIL_2006Reading Item